00869cam a2200253 a 4500999001500000001000500015003000900020005001700029008004100046020001500087040002800102082001900130100002300149245009300172260003700265300004700302504005100349650002700400650002300427650001400450700002200464942001200486952011700498 c2009d20096711BD-DhUAP20200218164046.0200218s1998 nyua bs 000 0 eng  a0070075115 aDLCcDLCbEngdBD-DhUAP 223a370.15 ABB aAbbeduto, Leonard.00aGuide to human development for future educators /cLeonard Abbeduto and Stephen Elliott. aNew York :bMcGraw Hill,cc1998. aviii, 112 pages :billustrations ;c29 cm. aIncludes bibliographical references and index. aEducational psychology aChild development. aLearning. aElliott, Stephen. 2ddccBK 00102ddc4070aUAPCLbUAPCLcGeneral Stacksd2020-02-18o370.15 ABBp3010006711r2020-02-18t1w2020-02-18yBK